000 00652nam a2200229Ia 4500
003 OSt
005 20220918200437.0
006 a|||||r|||| 00| 0
007 ta
008 220917b |||||||| |||| 00| 0 eng d
024 _a88,814
037 _cTextual
040 _aARTS
_cARTS
_beng
041 _2eng
_aeng
082 _aT40aR3, m1
100 _aRoss Stephen David
245 0 _aLearning and discovery
_b the university and the development of the mind
260 _aLondon
_bGordon and Breach Science
_c1981
650 _aHIGHER EDUCATION
942 _hT40aR3, m1
_cTEXL
_2CC
999 _c212484
_d212484